000
00303nam a2200121Ia 4500
008
190216s9999||||xx |||||||||||||| ||und||
100
_a
Elder Olson
245
4
_a
The Poetry Of Dylan Thomas
260
_b
The University Of Chicago Press
_c
1967
300
_a
118
650
_a
English Poetry
942
_c
BK
999
_c
12108
_d
12108